[Event "Scarborough op"]
[Site "Scarborough"]
[Date "2023.10.29"]
[Round "5"]
[White "Dobson, Graham"]
[Black "Ilett, Raymond"]
[Result "0-1"]
[WhiteElo "1908"]
[BlackElo "1773"]
[PlyCount "54"]
[EventDate "2023.10.27"]
[EventType "swiss"]
[EventRounds "5"]
[EventCountry "ENG"]
[SourceTitle "Mega2024 Update 01"]
[Source "Chessbase"]
[SourceDate "2023.11.12"]
[SourceVersion "1"]
[SourceVersionDate "2023.11.12"]
[SourceQuality "1"]

1. e4 Nc6 2. d4 d5 3. e5 Bf5 4. Nf3 e6 5. Bd3 Bxd3 6. Qxd3 f6 7. exf6 Nxf6 8. Bf4 Qd7 9. Nbd2 0-0-0 10. c3 Bd6 11. Bxd6 cxd6 12. 0-0-0 e5 13. Qb5 a6 14. Qa4 e4 15. Ng1 Ng4 16. Nh3 Rhf8 17. f3 exf3 18. Nxf3 Ne3 19. Rd2 Rxf3 20. gxf3 Qxh3 21. b4 Qxf3 22. Re1 Nc4 23. Rc2 Rf8 24. Kb1 Qd3 25. Rec1 Ne3 26. Kb2 Nxc2 27. Rxc2 Rf1 0-1

[Event "Scarborough op"]
[Site "Scarborough"]
[Date "2023.10.28"]
[Round "2"]
[White "White, Stuart A"]
[Black "Dobson, Graham"]
[Result "1-0"]
[WhiteElo "2024"]
[BlackElo "1908"]
[PlyCount "99"]
[EventDate "2023.10.27"]
[EventType "swiss"]
[EventRounds "5"]
[EventCountry "ENG"]
[SourceTitle "Mega2024 Update 01"]
[Source "Chessbase"]
[SourceDate "2023.11.12"]
[SourceVersion "1"]
[SourceVersionDate "2023.11.12"]
[SourceQuality "1"]

1. d4 Nf6 2. c4 c5 3. d5 e6 4. Nc3 exd5 5. cxd5 d6 6. Nf3 g6 7. Nd2 Bg7 8. e4 0-0 9. Be2 Re8 10. 0-0 a6 11. a4 Nbd7 12. Re1 Ne5 13. Nf1 Bg4 14. f3 Bc8 15. f4 Ned7 16. Bf3 Rb8 17. a5 b5 18. axb6 Qxb6 19. Ne3 Qc7 20. Nc4 Rb4 21. Na5 Bb7 22. Nc6 Bxc6 23. dxc6 Nb6 24. Nd5 Nbxd5 25. exd5 Rbb8 26. Rxa6 Rxe1+ 27. Qxe1 Re8 28. Qa5 Qxa5 29. Rxa5 Rc8 30. g4 Ne8 31. g5 Bd4+ 32. Kf1 Kg7 33. Bg4 Rb8 34. Ra7 c4 35. Rb7 Rxb7 36. cxb7 Ba7 37. Be3 Bb8 38. Be2 Kf8 39. Bxc4 Ke7 40. Bb5 Nc7 41. Bc6 Na6 42. Ke2 f5 43. gxf6+ Kxf6 44. Bd4+ Ke7 45. Kf3 Kf7 46. Kg4 h6 47. h4 h5+ 48. Kg5 Nc7 49. f5 gxf5 50. Kxh5 1-0

[Event "BCF-chT3N 1819 (4NCL)"]
[Site "England"]
[Date "2019.05.05"]
[Round "10.34"]
[White "Dobson, Graham"]
[Black "Edwards, Simon R"]
[Result "1-0"]
[WhiteElo "2012"]
[BlackElo "1972"]
[PlyCount "169"]
[EventDate "2018.11.10"]
[EventType "team-swiss"]
[EventRounds "11"]
[EventCountry "ENG"]
[SourceTitle "EXT 2021"]
[Source "ChessBase"]
[SourceDate "2020.10.23"]
[SourceVersion "1"]
[SourceVersionDate "2020.10.23"]
[SourceQuality "1"]
[WhiteTeam "Manchester Manticores II"]
[BlackTeam "Cheddleton II"]
[WhiteTeamCountry "ENG"]
[BlackTeamCountry "ENG"]

1. g3 c5 2. Bg2 Nc6 3. c4 g6 4. Nc3 Bg7 5. Nf3 e6 6. e4 Nge7 7. d3 0-0 8. Be3 b6 9. Qd2 d5 10. Bh6 dxc4 11. Bxg7 Kxg7 12. dxc4 Ba6 13. b3 Qxd2+ 14. Nxd2 Rad8 15. 0-0-0 Rd3 16. Bf1 Rd7 17. f4 Rfd8 18. e5 Nd4 19. Bg2 Nef5 20. Rhe1 Bb7 21. Bxb7 Rxb7 22. Nde4 a6 23. g4 Nh4 24. Nd6 Rbb8 25. Nce4 Ng2 26. Rh1 Ne3 27. Rd3 Nxg4 28. h3 Nh6 29. Kd2 Nhf5 30. Rd1 Nxd6 31. Nxd6 f6 32. Ke3 fxe5 33. fxe5 Rf8 34. Ke4 Rf2 35. R1d2 Rbf8 36. Ne8+ Kh6 37. Nf6 Rf5 38. Rxd4 cxd4 39. Rxd4 Kg5 40. Nxh7+ Kh4 41. Nxf8 Rxf8 42. Rd6 g5 43. Rxe6 Kxh3 44. Rxb6 Rg8 45. Kf5 g4 46. Rh6+ Kg2 47. Rg6 Rxg6 48. Kxg6 Kf1 49. e6 g3 50. e7 g2 51. e8Q g1Q+ 52. Kf6 Qf2+ 53. Ke6 Qxa2 54. Qa4 Qc2 55. Kd5 Qg6 56. c5 Qg8+ 57. Kc6 Qe6+ 58. Kb7 Qd5+ 59. Kxa6 Qa8+ 60. Kb5 Qb7+ 61. Kc4 Qe4+ 62. Kb5 Qb7+ 63. Ka5 Qc7+ 64. Kb4 Qf4+ 65. Kb5 Qb8+ 66. Kc6 Qc8+ 67. Kd6 Qb8+ 68. Kd5 Qg8+ 69. Kd6 Qb8+ 70. Kd7 Qb7+ 71. Ke6 Qc8+ 72. Kd5 Qg8+ 73. Kd6 Qb8+ 74. Ke7 Qc7+ 75. Ke6 Qc8+ 76. Qd7 Qxc5 77. Qd1+ Kf2 78. Qd2+ Kf1 79. Qf4+ Kg1 80. Qg3+ Kf1 81. Qf3+ Kg1 82. Qd1+ Kf2 83. Qd2+ Kf1 84. Qd3+ Kf2 85. Qf5+ 1-0

[Event "Blackpool op 43rd"]
[Site "Blackpool"]
[Date "2019.03.10"]
[Round "4"]
[White "Ther, Mate T"]
[Black "Dobson, Graham"]
[Result "0-1"]
[WhiteElo "1895"]
[BlackElo "1879"]
[PlyCount "98"]
[EventDate "2019.03.08"]
[EventType "swiss"]
[EventRounds "5"]
[EventCountry "ENG"]
[SourceTitle "CBM 189 Extra"]
[Source "ChessBase"]
[SourceDate "2019.06.03"]
[SourceVersion "1"]
[SourceVersionDate "2019.06.03"]
[SourceQuality "1"]

1. e4 c6 2. d4 d5 3. Nc3 dxe4 4. Nxe4 Nf6 5. Nxf6+ gxf6 6. c3 Bf5 7. Nf3 Qc7 8. g3 e5 9. Bg2 Nd7 10. Be3 h5 11. Qe2 Bg4 12. h3 Be6 13. Nh4 Bd6 14. Be4 Nb6 15. Nf5 0-0-0 16. Nxd6+ Rxd6 17. f4 Rd7 18. fxe5 fxe5 19. Qf2 Re8 20. Kf1 Kb8 21. Kg1 Rf8 22. dxe5 Nc4 23. Bf4 Rfd8 24. Re1 Qa5 25. a3 Ka8 26. Kh2 Nxe5 27. Bxe5 Qxe5 28. Bxc6 Rd2 29. Rxe5 Rxf2+ 30. Kg1 Rdd2 31. Bd5 Rxb2 32. Bxe6 fxe6 33. Rxe6 a6 34. Re3 Rfc2 35. Kf1 Rc1+ 36. Re1 Rxc3 37. g4 hxg4 38. hxg4 Rxa3 39. Rh8+ Ka7 40. Re2 Rb4 41. Rg8 Rg3 42. Rg2 Rxg2 43. Kxg2 a5 44. g5 a4 45. Kf3 a3 46. g6 a2 47. g7 a1Q 48. Ra8+ Kxa8 49. g8Q+ Ka7 0-1

[Event "BCF-chT3N 1617 (4NCL)"]
[Site "England"]
[Date "2017.02.12"]
[Round "6.71"]
[White "Madden, Paul"]
[Black "Dobson, Graham"]
[Result "1/2-1/2"]
[WhiteElo "2093"]
[BlackElo "1834"]
[PlyCount "81"]
[EventDate "2016.11.26"]
[EventType "team-swiss"]
[EventRounds "11"]
[EventCountry "ENG"]
[SourceTitle "EXT 2019"]
[Source "ChessBase"]
[SourceDate "2018.10.10"]
[SourceVersion "1"]
[SourceVersionDate "2018.10.10"]
[SourceQuality "1"]
[WhiteTeam "Ashfield Breadsall"]
[BlackTeam "Manchester Manticores IV"]
[WhiteTeamCountry "ENG"]
[BlackTeamCountry "ENG"]

1. e4 c6 2. d4 d5 3. Nc3 dxe4 4. Nxe4 Bf5 5. Ng3 Bg6 6. h4 h6 7. Nf3 Nd7 8. Bc4 e6 9. Qe2 Ngf6 10. 0-0 Be7 11. Rd1 Qc7 12. a4 Bd6 13. Ne5 Nxe5 14. dxe5 Bxe5 15. f4 Bxf4 16. h5 Bh7 17. Bxf4 Qxf4 18. Ra3 0-0 19. Rf3 Qg4 20. Rdf1 Qd4+ 21. R3f2 Qg4 22. Rf3 Nxh5 23. Rxf7 Qd4+ 24. Qf2 Qxf2+ 25. R7xf2 Rxf2 26. Bxe6+ Kh8 27. Kxf2 Rf8+ 28. Ke3 Rxf1 29. Nxf1 Bxc2 30. a5 b6 31. a6 Nf6 32. Nd2 Ba4 33. Nf3 Bb5 34. Nd4 Bxa6 35. Nxc6 Bb7 36. Nxa7 Bxg2 37. Nc8 b5 38. Nd6 Bc6 39. Kd4 g5 40. Kc5 Ba8 41. Kxb5 1/2-1/2